<?xml version="1.0" encoding="UTF-8"?><?xml-stylesheet type="text/xsl" href="static/style.xsl"?><OAI-PMH xmlns="http://www.openarchives.org/OAI/2.0/" xmlns:xsi="http://www.w3.org/2001/XMLSchema-instance" xsi:schemaLocation="http://www.openarchives.org/OAI/2.0/ http://www.openarchives.org/OAI/2.0/OAI-PMH.xsd"><responseDate>2026-04-17T14:47:06Z</responseDate><request verb="GetRecord" identifier="oai:www.recercat.cat:2117/343240" metadataPrefix="marc">https://recercat.cat/oai/request</request><GetRecord><record><header><identifier>oai:recercat.cat:2117/343240</identifier><datestamp>2025-07-17T16:42:02Z</datestamp><setSpec>com_2072_1033</setSpec><setSpec>col_2072_452951</setSpec></header><metadata><record xmlns="http://www.loc.gov/MARC21/slim" xmlns:dcterms="http://purl.org/dc/terms/" xmlns:xsi="http://www.w3.org/2001/XMLSchema-instance" xmlns:doc="http://www.lyncode.com/xoai" xsi:schemaLocation="http://www.loc.gov/MARC21/slim http://www.loc.gov/standards/marcxml/schema/MARC21slim.xsd">
   <leader>00925njm 22002777a 4500</leader>
   <datafield ind2=" " ind1=" " tag="042">
      <subfield code="a">dc</subfield>
   </datafield>
   <datafield ind2=" " ind1=" " tag="720">
      <subfield code="a">Campillo Moliner, David</subfield>
      <subfield code="e">author</subfield>
   </datafield>
   <datafield ind2=" " ind1=" " tag="260">
      <subfield code="c">2011</subfield>
   </datafield>
   <datafield ind2=" " ind1=" " tag="520">
      <subfield code="a">El objetivo principal de este Proyecto Final de Carrera es estudiar y analizar los diversos tipos de Elementos de Amarre existentes en el Puerto de Barcelona actualmente, y elaborar una Lista de Comprobación (también llamado Checklist) para cada uno de ellos, con el fin de inspeccionarlos y prevenir el fallo en la actividad operativa de éstos. Este Proyecto se dividirá en dos fases. La primera fase consistirá en el trabajo de campo que se realizará en varias visitas al Puerto de Barcelona, donde se examinarán y analizarán los distintos elementos de amarre existentes, su estado, tipología, actividad, etc. Así como, estudiar y conocer con detalle cuáles son los agentes existentes dentro del sector marítimo que intervienen en las operaciones de Amarre y Desamarre de buques, como lo son: la Dirección General de la Marina Mercante, Capitanía Marítima, la Autoridad Portuaria de Barcelona, Amarradores, CEMESA, Departamento de Conservación, etc; y cuáles son sus principales funciones. La segunda fase del Proyecto Final de Carrera, consistirá en elaborar una Lista de Comprobación diferente para inspeccionar cada tipo de Elemento de Amarre existente en el Puerto de Barcelona en la actualidad. Con el objetivo de reducir el fallo en la actividad operativa de estos, a partir de todos los datos recopilados en el Puerto. El objetivo principal de la elaboración de cada Checklist de Inspección de Elementos de Amarre, consiste en realizar una inspección superficial, de forma visual, para detectar posibles anomalías y deterioros en éstos. A partir de aquí, se podrán averiguar las causas principales del fallo y poder prevenirlas, con el fin de poder prolongar la actividad operativa de los Elementos de Amarre.</subfield>
   </datafield>
   <datafield tag="653" ind2=" " ind1=" ">
      <subfield code="a">Àrees temàtiques de la UPC::Nàutica::Infraestructures portuàries</subfield>
   </datafield>
   <datafield tag="653" ind2=" " ind1=" ">
      <subfield code="a">Port de Barcelona</subfield>
   </datafield>
   <datafield tag="653" ind2=" " ind1=" ">
      <subfield code="a">Amarre</subfield>
   </datafield>
   <datafield tag="653" ind2=" " ind1=" ">
      <subfield code="a">Port de Barcelona</subfield>
   </datafield>
   <datafield tag="653" ind2=" " ind1=" ">
      <subfield code="a">Terminals marítimes</subfield>
   </datafield>
   <datafield tag="653" ind2=" " ind1=" ">
      <subfield code="a">Amarratge de vaixells</subfield>
   </datafield>
   <datafield ind2="0" ind1="0" tag="245">
      <subfield code="a">Estudio y análisis de los elementos de amarre en el Port de Barcelona</subfield>
   </datafield>
</record></metadata></record></GetRecord></OAI-PMH>